000 01541cam a22004694i 4500
003 PE-LiUPU
005 20250731173525.0
008 150616s r 000 0 d
020 _a0877849412
035 _a(Sirsi) i9780877849414
040 _aPE-LiUPU
_bspa
_cPE-LiUPU
_erda
049 _aPRUA
082 0 4 _a223.206
_bL82
_221
100 1 _aLongman, Tremper,
_eautor.
245 1 0 _aHow to Read The Psalms /
_cTremper Longman.
264 1 _aIllinois :
_bInterVarsity Press,
_c1988.
300 _a166 páginas ;
_c21 centímetros
336 _atext
_2rdacontent
337 _aunmediated
_2rdamedia
338 _avolume
_2rdacarrier
505 0 _aThe Psalms then and now.- The art of the Psalms.- A melody of Psalms.
526 _aSEG42
526 _aSEG41
526 _aSEG40
526 _aSEG39
526 _aP94
526 _aP87
526 _aP86
526 _aP85
526 _aP77
526 _aP76
526 _aP35
630 _aBiblia.
_pA.T.
_pSalmos
_xCrítica, interpretación, etc.
650 0 4 _a
910 _ajck
_bjvq
_cjck
942 _2ddc
_cBOOK
949 _a223.206 L82
_wDEWEY
_c1
_i42179
_lCCODEBUL1
_mBUL
_r0
_sY
_tBOOK
_u2015-6-16
_xTEOLOGIA
_zUNKNOWN
_0COMPRA
_o.STAFF. Colección General
994 _aC0
_bPEPRU
596 _a1
999 _a223.206 L82
_wDEWEY
_c59871
_i42179
_d59871
_e2019-11-20
_f2021-11-9
_g5
_lCCODEBUL1
_mBUL
_n1
_q1
_r0
_sY
_tBOOK
_u2015-6-16
_xTEOLOGIA
_zUNKNOWN
_0COMPRA
_o.STAFF. Colección General
980 _81
_gALBERTO SANCHEZ Responsable de Automatización